Senibina Indonesia Yang Bernafaskan Islam (Record no. 82293)

MARC details
000 -LEADER
fixed length control field 00740nam a2200253 i 4500
001 - CONTROL NUMBER
control field C2-0274527
003 - CONTROL NUMBER IDENTIFIER
control field PPAK
005 - DATE AND TIME OF LATEST TRANSACTION
control field 20180728003541.0
008 - FIXED-LENGTH DATA ELEMENTS--GENERAL INFORMATION
fixed length control field 060927s1992 io |||| ||||| | may d
040 ## - CATALOGING SOURCE
Original cataloging agency PPAK
Language of cataloging eng
Transcribing agency PPAK
Description conventions rda
082 04 - DEWEY DECIMAL CLASSIFICATION NUMBER
Classification number 726.20959
Edition number 23
090 00 - LOCALLY ASSIGNED LC-TYPE CALL NUMBER (OCLC); LOCAL CALL NUMBER (RLIN)
Classification number (OCLC) (R) ; Classification number, CALL (RLIN) (NR) 726.20959
Feature heading ACH
Feature heading KAA
Classification number (OCLC) (R) ; Classification number, CALL (RLIN) (NR) 726.20959
Feature heading ACH
Feature heading KK
100 0# - MAIN ENTRY--PERSONAL NAME
Personal name Ir Achmad Noe'man IAI,
Relator term author
245 10 - TITLE STATEMENT
Title Senibina Indonesia Yang Bernafaskan Islam
264 #1 - PRODUCTION, PUBLICATION, DISTRIBUTION, MANUFACTURE, AND COPYRIGHT NOTICE
Place of production, publication, distribution, manufacture Indonesia :
Date of production, publication, distribution, manufacture, or copyright notice 1992
300 ## - PHYSICAL DESCRIPTION
Extent 18 pages ;
Dimensions 30 cm
336 ## - CONTENT TYPE
Source rdacontent
Content type term text
337 ## - MEDIA TYPE
Source rdamedia
Media type term unmediated
338 ## - CARRIER TYPE
Source rdacarrier
Carrier type term volume
500 ## - GENERAL NOTE
General note Makalah dibuat dalam rangka seminar 14 -15 Oktober 1992.
650 10 - SUBJECT ADDED ENTRY--TOPICAL TERM
Topical term or geographic name entry element Islam - Architecture - Indonesia
942 ## - ADDED ENTRY ELEMENTS (KOHA)
-- dc
Koha item type Book
Holdings
Withdrawn Not for loan Current library Shelving location Date acquired Full call number Barcode Date last seen Koha item type
  Not For Loan Perpustakaan Alor Setar Koleksi Kedah 27/09/2006 KK 726.20959 ACH A00156518 09/05/2018 Book
  Not For Loan Perpustakaan Kulim Koleksi Azizi Abdullah 27/12/2006 KAA 726.20959 ACH A00380465 09/05/2018 Book
  Not For Loan Perpustakaan Kulim Koleksi Azizi Abdullah 27/12/2006 KAA 726.20959 ACH A00380464 09/05/2018 Book